| Поле | Название | Значение |
| |
Тип записи |
a |
| |
Библиографический уровень |
m |
| 001 |
Контрольный номер |
RU/IS/BASE/495116651 |
| 005 |
Дата корректировки |
20230210092735.9 |
| 010 |
Индекс ISBN |
__ |
| a |
ISBN |
978-5-370-03324-7 (в обл.) |
| d |
Цена |
10-36 |
| 101 |
Язык документа |
0_ |
| a |
Язык текста |
rus |
| 200 |
Заглавие и сведения об ответственности |
1_ |
| a |
Заглавие |
Конституция Российской Федерации |
| e |
Сведения, относящиеся к заглавию |
[официальный текст : в редакции законов РФ о поправке к Конституции от 30.12.2008 №6-ФКЗ, от 30.12.2008 №7-ФКЗ, от 05.02.2014 №2-ФКЗ] |
| b |
Общее обозначение материала |
Текст |
| 210 |
Выходные данные |
1_ |
| a |
Место издания |
Москва |
| c |
Издательство |
Омега-Л |
| d |
Дата издания |
2014 |
| 215 |
Физическое описание |
__ |
| a |
Объем |
38, [1] с. |
| 225 |
Серия |
2_ |
| a |
Серия |
Основной закон |
| 300 |
Общие примечания |
__ |
| a |
Общие примечания |
15000 экз. |
| 330 |
Аннотация |
__ |
| a |
Аннотация |
Настоящее издание содержит текст Конституции Российской Федерации от 12 декабря 1993 года (в редакции Законов РФ о поправке к Конституции РФ от 30.12.2008 №6-ФКЗ, от 30.12.2008 №7-ФКЗ, статья 65 приводится с учетом Указов Президента РФ от 09.01.1996 №20, от 10.02.1996 №173, от 09.06.2001 №679, от 25.07.2003 №841, Федеральных конституционных законов от 25.03.2004 №1-ФКЗ, от 14.10.2005 №6-ФКЗ, от 12.07.2006 №2-ФКЗ, от 30.12.2006 №6-ФКЗ, от 21.07.2007 №5-ФКЗ). |
| 606 |
Тематические рубрики |
__ |
| a |
Основная рубрика |
Право |
| 606 |
Тематические рубрики |
__ |
| a |
Основная рубрика |
Конституционное (государственное) право в целом |
| y |
Географическая подрубрика |
Россия |
| 610 |
Ключевые слова |
0_ |
| a |
Ключевые слова |
законы |
| a |
Ключевые слова |
конституции |
| a |
Ключевые слова |
конституционные гарантии |
| a |
Ключевые слова |
конституционные законы |
| a |
Ключевые слова |
конституционные поправки |
| a |
Ключевые слова |
местное самоуправление |
| a |
Ключевые слова |
основы конституционной власти |
| a |
Ключевые слова |
права человека |
| a |
Ключевые слова |
правительство |
| a |
Ключевые слова |
президентская власть |
| a |
Ключевые слова |
прокуратура |
| a |
Ключевые слова |
свободы человека |
| a |
Ключевые слова |
судебная власть |
| a |
Ключевые слова |
федеральное собрание |
| a |
Ключевые слова |
федеративное устройство |
| 686 |
Индексы других классификаций |
__ |
| a |
Классификационный индекс |
67.400.1(2Рос)-3; ст67.400 |
| 710 |
Наименование организации. (Первичная ответственность) |
02 |
| a |
Организация/ юрисдикция |
Российская Федерация |
| b |
Другие уровни |
Законы |
| 801 |
Источник записи |
_0 |
| a |
Страна |
RU |
| b |
Организация |
Муниципальное бюджетное учреждение культуры "Централизованная библиотечная система" г. Сургут (Центральная городская библиотека им. А. С. Пушкина) |
| g |
Правила каталогизации |
КиК/Коробейникова |
| 801 |
Источник записи |
_1 |
| a |
Страна |
RU |
| b |
Организация |
Муниципальное бюджетное учреждение культуры "Централизованная библиотечная система" г. Сургут (Центральная городская библиотека им. А. С. Пушкина) |
| g |
Правила каталогизации |
КиК/Коробейникова |
| 852 |
Данные о местонахождении |
__ |
| j |
Шифр хранения |
67.400.1(2Рос)-3 |
| i |
Авторский знак |
Р 76 |
| 901 |
Тип документа |
__ |
| t |
Тип документа |
m |
| 903 |
Характеристики (МАРС) |
__ |
| a |
Дата передачи |
20150909 |
| 969 |
Тип издания |
__ |
| a |
Тип издания |
брошюра |
| 990 |
Данные о заказе (DOS) |
__ |
| j |
Количество экземпляров (DOS) |
2 |
| t |
N записи в КСУ для И/У (DOS) |
201509 |